[Event "Mirandela op 3rd"]
[Site "Mirandela"]
[Date "2022.08.21"]
[Round "7"]
[White "Grezels, Florian"]
[Black "Habans Aguerrea, Javier"]
[Result "0-1"]
[WhiteElo "2221"]
[BlackElo "2359"]
[PlyCount "88"]
[EventDate "2022.08.17"]
[EventType "swiss"]
[EventRounds "9"]
[EventCountry "POR"]
[SourceTitle "CBM 209 Extra"]
[Source "ChessBase"]
[SourceDate "2022.09.30"]
[SourceVersion "1"]
[SourceVersionDate "2022.09.30"]
[SourceQuality "1"]

1. e4 c6 2. d4 d5 3. e5 c5 4. dxc5 e6 5. a3 Bxc5 6. Nf3 Nd7 7. Bd3 f6 8. b4 Be7 9. Bb2 Nh6 10. 0-0 Nf7 11. exf6 Bxf6 12. Bxf6 Qxf6 13. Nbd2 e5 14. Bb5 e4 15. Ne1 0-0 16. c4 Nd6 17. Bxd7 Bxd7 18. Nc2 Ba4 19. Rc1 Rac8 20. c5 Nb5 21. Qh5 Nc3 22. Ne3 Be8 23. Qg4 Bb5 24. Nxd5 Nxd5 25. Nxe4 Qe5 26. Rfe1 Rce8 27. f3 Nf6 28. Nxf6+ Qxf6 29. h4 h6 30. a4 Bxa4 31. Qc4+ Qf7 32. Rxe8 Rxe8 33. Qxf7+ Kxf7 34. Ra1 Bc6 35. Rxa7 Re1+ 36. Kf2 Rb1 37. Ra3 Rxb4 38. Rc3 Rxh4 39. g4 Rh2+ 40. Kg3 Rd2 41. f4 Kf6 42. Kh4 g5+ 43. fxg5+ hxg5+ 44. Kh5 Rh2+ 0-1

[Event "Mirandela op 3rd"]
[Site "Mirandela"]
[Date "2022.08.18"]
[Round "2"]
[White "Katz, Alexander R"]
[Black "Grezels, Florian"]
[Result "1-0"]
[WhiteElo "2412"]
[BlackElo "2221"]
[PlyCount "133"]
[EventDate "2022.08.17"]
[EventType "swiss"]
[EventRounds "9"]
[EventCountry "POR"]
[SourceTitle "CBM 209 Extra"]
[Source "ChessBase"]
[SourceDate "2022.09.30"]
[SourceVersion "1"]
[SourceVersionDate "2022.09.30"]
[SourceQuality "1"]

1. e4 c5 2. Nf3 e6 3. d4 cxd4 4. Nxd4 Nc6 5. Bf4 d6 6. Nxc6 bxc6 7. c4 e5 8. Be3 Nf6 9. Nc3 Be7 10. Be2 0-0 11. 0-0 Be6 12. Qa4 Qc8 13. Rfd1 Qb7 14. Rd2 Ng4 15. Bxg4 Bxg4 16. f3 Be6 17. Rad1 a5 18. Ne2 Rfd8 19. Qc2 Qb4 20. Rc1 d5 21. cxd5 cxd5 22. exd5 Rxd5 23. Rxd5 Bxd5 24. Nc3 Be6 25. a3 Qb7 26. Qe4 Qxe4 27. Nxe4 Rb8 28. Bc5 Bxc5+ 29. Nxc5 Rxb2 30. Nxe6 fxe6 31. Rc5 Ra2 32. Rxa5 Kf7 33. h4 Kf6 34. Kh2 h5 35. Kg3 Re2 36. Ra4 g6 37. Re4 Ra2 38. Re3 Kf5 39. Kh3 Kf4 40. Re4+ Kf5 41. a4 Ra3 42. Kg3 Ra2 43. Rb4 Kf6 44. Kh2 Kf5 45. Kh3 Ra3 46. Kg3 Ra2 47. Kh2 Rc2 48. Kh3 Rc3 49. a5 Ra3 50. Rb5 Kf4 51. Kh2 Ra4 52. Rc5 Ra2 53. Kh3 Ra4 54. Rc8 e4 55. fxe4 Kxe4 56. Rg8 Rxa5 57. Rxg6 Re5 58. g4 hxg4+ 59. Kxg4 Kd5 60. Rg5 Rxg5+ 61. hxg5 e5 62. Kf5 Kd6 63. g6 Ke7 64. Kxe5 Ke8 65. Ke6 Kf8 66. Kf6 Kg8 67. g7 1-0

[Event "Angers op 15th"]
[Site "Angers"]
[Date "2022.05.28"]
[Round "3"]
[White "Levannier Gouel, Marius"]
[Black "Grezels, Florian"]
[Result "1-0"]
[WhiteElo "1852"]
[BlackElo "2232"]
[PlyCount "75"]
[EventDate "2022.05.27"]
[EventType "swiss"]
[EventRounds "6"]
[EventCountry "FRA"]
[SourceTitle "CBM 208 Extra"]
[Source "ChessBase"]
[SourceDate "2022.07.31"]
[SourceVersion "1"]
[SourceVersionDate "2022.07.31"]
[SourceQuality "1"]

1. e4 c5 2. Nf3 e6 3. c3 d5 4. exd5 Qxd5 5. Na3 Nf6 6. d4 Nc6 7. Be3 cxd4 8. Nb5 Qd8 9. Nbxd4 Nd5 10. Nxc6 bxc6 11. Bd4 f6 12. Bc4 Bd6 13. Qd2 0-0 14. 0-0 Qc7 15. Rad1 Kh8 16. h3 Bb7 17. Rfe1 Rfe8 18. b4 a6 19. Bb3 Rad8 20. Re4 e5 21. Rde1 Ne7 22. Be3 c5 23. Rh4 e4 24. Qc2 cxb4 25. Nd4 Bd5 26. c4 Ng6 27. Rh5 Bf7 28. Nf5 Be5 29. Qc1 Nf4 30. Rh4 Nd3 31. Qd1 Nxe1 32. Qg4 Be6 33. Qg6 Bxf5 34. Rxh7+ Kg8 35. Qxf5 Kf8 36. c5 Nc2 37. Rh8+ Ke7 38. Qe6# 1-0

[Event "Avoine op 34th"]
[Site "Avoine"]
[Date "2019.07.20"]
[Round "7"]
[White "Budak, Rezan"]
[Black "Grezels, Florian"]
[Result "0-1"]
[WhiteElo "1844"]
[BlackElo "2201"]
[PlyCount "112"]
[EventDate "2019.07.20"]
[EventType "swiss"]
[EventRounds "9"]
[EventCountry "FRA"]
[SourceTitle "EXT 2020"]
[Source "ChessBase"]
[SourceDate "2019.10.17"]
[SourceVersion "1"]
[SourceVersionDate "2019.10.17"]
[SourceQuality "1"]

1. e4 c5 2. Nc3 e6 3. Nge2 Nc6 4. Nf4 Nf6 5. Bb5 Qc7 6. Nh5 Nxh5 7. Qxh5 Nd4 8. Qd1 Be7 9. 0-0 0-0 10. Bc4 a6 11. a4 b6 12. d3 Bb7 13. Be3 Rfd8 14. Ba2 Rac8 15. f3 d5 16. exd5 exd5 17. Kh1 Qe5 18. Bg1 Bd6 19. Re1 Qh5 20. Qd2 Qh4 21. Rac1 Nf5 22. g4 Ne7 23. Qg2 Ng6 24. Bf2 Qf6 25. g5 Qf5 26. Qg4 Qxg4 27. fxg4 Bf4 28. Rcd1 Bxg5 29. Bg3 Bc6 30. Rf1 Bf6 31. Kg1 Bd4+ 32. Bf2 Bxc3 33. bxc3 Bxa4 34. Bg3 Bc6 35. Rd2 b5 36. Rdf2 Rd7 37. c4 bxc4 38. dxc4 d4 39. Rf5 Be4 40. R5f2 Nf8 41. Bb3 Ne6 42. h4 Bc6 43. Ra1 d3 44. Be5 Nd4 45. Kf1 f6 46. Bxd4 Rxd4 47. cxd3 Rxg4 48. Rxa6 Rxh4 49. Rf5 Rg4 50. Rb6 Kf7 51. Ke1 Rg5 52. Rf4 Re5+ 53. Kd2 g5 54. Rf1 h5 55. Bc2 h4 56. Rb3 Bg2 0-1

[Event "Avoine op 34th"]
[Site "Avoine"]
[Date "2019.07.20"]
[Round "3"]
[White "Riou Durand, Lionel"]
[Black "Grezels, Florian"]
[Result "0-1"]
[WhiteElo "1936"]
[BlackElo "2201"]
[PlyCount "100"]
[EventDate "2019.07.20"]
[EventType "swiss"]
[EventRounds "9"]
[EventCountry "FRA"]
[SourceTitle "EXT 2020"]
[Source "ChessBase"]
[SourceDate "2019.10.17"]
[SourceVersion "1"]
[SourceVersionDate "2019.10.17"]
[SourceQuality "1"]

1. e4 c5 2. Nf3 e6 3. d4 cxd4 4. Nxd4 Nc6 5. Nxc6 bxc6 6. Bd3 Nf6 7. 0-0 d5 8. Nd2 Qc7 9. Qe2 Bd6 10. h3 0-0 11. b3 a5 12. Bb2 e5 13. a3 Nd7 14. c4 d4 15. f4 f6 16. Rab1 Be7 17. Nf3 Rb8 18. Bc2 Nc5 19. Bc1 Rd8 20. Ne1 Be6 21. Nd3 Bd6 22. Qf3 Qe7 23. Bd2 Nxd3 24. Qxd3 Bxa3 25. Bxa5 Rd7 26. Be1 Ra7 27. Bh4 Qd6 28. Kh1 Rba8 29. Qg3 Kh8 30. Qd3 Bb4 31. g4 Ra2 32. g5 fxg5 33. Bxg5 Bxh3 34. Rf2 Bd7 35. fxe5 Qxe5 36. Bf4 Qe6 37. Rh2 Rxc2 38. Rxc2 Rf8 39. Rf1 Rxf4 40. Rxf4 Qh6+ 41. Kg1 Qxf4 42. Qxd4 Qg4+ 43. Kh2 Qh4+ 44. Kg1 Qe7 45. c5 Be1 46. Ra2 Be8 47. Ra8 Bh4 48. Qd6 Qf7 49. Qxc6 Qf2+ 50. Kh1 Qf3+ 0-1

[Event "Paris Universities-ch"]
[Site "Paris"]
[Date "2019.02.03"]
[Round "7"]
[White "Grezels, Florian"]
[Black "Devallee, Jeremie"]
[Result "0-1"]
[WhiteElo "2194"]
[BlackElo "2317"]
[PlyCount "215"]
[EventDate "2019.02.01"]
[EventType "swiss"]
[EventRounds "9"]
[EventCountry "FRA"]
[SourceTitle "CBM 188 Extra"]
[Source "ChessBase"]
[SourceDate "2019.02.26"]
[SourceVersion "1"]
[SourceVersionDate "2019.02.26"]
[SourceQuality "1"]

1. e4 c5 2. Nf3 d6 3. d4 cxd4 4. Nxd4 Nf6 5. Nc3 g6 6. Be3 Bg7 7. f3 0-0 8. Qd2 Nc6 9. g4 Nxd4 10. Bxd4 Be6 11. 0-0-0 Qa5 12. a3 Rab8 13. h4 b5 14. h5 b4 15. Nb1 Rfc8 16. hxg6 hxg6 17. g5 Nh5 18. Bxg7 Kxg7 19. Bh3 Qa4 20. Bxe6 fxe6 21. Rh2 Qb3 22. axb4 Rxb4 23. c3 Ra4 24. Qc2 Qb5 25. Rdh1 Qxg5+ 26. Kd1 Qe3 27. Qxa4 Qxf3+ 28. Kc1 Ng3 29. Qd1 Qxe4 30. Rh7+ Kf6 31. Rf1+ Nxf1 32. Qxf1+ Qf5 33. Qg1 Rc5 34. Rh2 Kg7 35. Rf2 Qd3 36. Rd2 Qf5 37. Na3 Qf6 38. Nc2 Rf5 39. Rd1 Rf2 40. Qg3 e5 41. Qe3 a5 42. Ne1 a4 43. Nd3 Rf3 44. Qd2 a3 45. bxa3 e4 46. Nb2 Rxc3+ 47. Kb1 Rxa3 48. Qb4 Re3 49. Nc4 Re2 50. Nb6 Qf3 51. Qd4+ Kf7 52. Qd5+ Kg7 53. Qd4+ Kf7 54. Qd5+ Kg7 55. Qd4+ Kh7 56. Qd5 Re3 57. Na4 Rb3+ 58. Nb2 Qc3 59. Rh1+ Kg7 60. Rh2 e3 61. Qe4 e5 62. Qd5 Rb6 63. Qd1 Qb3 64. Qh1 Qd3+ 65. Rc2 e2 66. Qe1 Qd1+ 67. Rc1 Qd3+ 68. Rc2 Qd1+ 69. Rc1 Qxe1 70. Rxe1 d5 71. Rxe2 Kf6 72. Kc2 e4 73. Nd1 Ke5 74. Rg2 d4 75. Nb2 Rc6+ 76. Kd2 Kf4 77. Rf2+ Kg3 78. Rf7 g5 79. Re7 Kf4 80. Rf7+ Ke5 81. Re7+ Kf5 82. Rf7+ Ke6 83. Rf8 Rc3 84. Nd1 Rh3 85. Re8+ Kf5 86. Rf8+ Kg6 87. Rg8+ Kf6 88. Rd8 Rh2+ 89. Ke1 Ke5 90. Re8+ Kd5 91. Rd8+ Kc4 92. Rc8+ Kd5 93. Rd8+ Ke5 94. Re8+ Kf4 95. Rf8+ Kg3 96. Rd8 d3 97. Nc3 Kf3 98. Rf8+ Ke3 99. Nd5+ Kd4 100. Nf6 e3 101. Rd8+ Kc4 102. Rc8+ Kb5 103. Rb8+ Ka6 104. Kf1 Rf2+ 105. Kg1 Rxf6 106. Re8 e2 107. Kg2 Rf1 108. Re6+ 0-1

[Event "Paris Universities-ch"]
[Site "Paris"]
[Date "2019.02.02"]
[Round "3"]
[White "Grezels, Florian"]
[Black "Sochacki, Christophe"]
[Result "0-1"]
[WhiteElo "2194"]
[BlackElo "2482"]
[PlyCount "66"]
[EventDate "2019.02.01"]
[EventType "swiss"]
[EventRounds "9"]
[EventCountry "FRA"]
[SourceTitle "CBM 188 Extra"]
[Source "ChessBase"]
[SourceDate "2019.02.26"]
[SourceVersion "1"]
[SourceVersionDate "2019.02.26"]
[SourceQuality "1"]

1. e4 e6 2. d4 d5 3. Nc3 Nf6 4. Bg5 Bb4 5. e5 h6 6. Bd2 Bxc3 7. bxc3 Ne4 8. Qg4 Kf8 9. Bd3 Nxd2 10. Kxd2 c5 11. h4 Nc6 12. Rh3 Kg8 13. Rg3 Qf8 14. Nh3 c4 15. Be2 Rh7 16. Nf4 b5 17. Nh5 Kh8 18. Qf4 Qe7 19. Rh1 b4 20. Rhh3 bxc3+ 21. Ke3 Bd7 22. Rg4 Rg8 23. Rhg3 Qd8 24. Nf6 Ne7 25. Nxh7 Nf5+ 26. Kf3 Kxh7 27. Rh3 f6 28. h5 Rf8 29. exf6 Rxf6 30. Rg6 Nxd4+ 31. Ke3 Nxc2+ 32. Kf3 Nd4+ 33. Ke3 Rxf4 0-1

[Event "FRA-ch U20"]
[Site "Agen"]
[Date "2018.04.22"]
[Round "9"]
[White "Grezels, Florian"]
[Black "Philippe, Guillaume"]
[Result "1/2-1/2"]
[WhiteElo "2181"]
[BlackElo "2372"]
[PlyCount "91"]
[EventDate "2018.04.15"]
[EventType "swiss"]
[EventRounds "9"]
[EventCountry "FRA"]
[SourceTitle "CBM 184 Extra"]
[Source "ChessBase"]
[SourceDate "2018.06.28"]
[SourceVersion "1"]
[SourceVersionDate "2018.06.28"]
[SourceQuality "1"]

1. e4 g6 2. d4 Bg7 3. Nc3 a6 4. h4 h5 5. Nf3 d6 6. Ng5 Nf6 7. Bf4 Nc6 8. e5 dxe5 9. dxe5 Qxd1+ 10. Rxd1 Ng4 11. Nd5 0-0 12. Nxc7 Ra7 13. Nd5 Ngxe5 14. Be2 b5 15. 0-0 Nc4 16. b3 Na3 17. Bd3 Rd8 18. Nb6 Bg4 19. f3 Bd4+ 20. Kh2 Bf5 21. Bxf5 gxf5 22. Nd5 Rxd5 23. c3 Rad7 24. cxd4 Rxd4 25. Rc1 Nb4 26. Be3 Rd3 27. Rc8+ Kg7 28. Bc1 Nbc2 29. Bb2+ f6 30. Ne6+ Kf7 31. Nc5 Rd8 32. Rxd8 Rxd8 33. Nxa6 Rd2 34. Bc1 Re2 35. Kh3 e5 36. Nc5 b4 37. g4 hxg4+ 38. fxg4 f4 39. g5 fxg5 40. hxg5 Kg6 41. Nd3 Nb5 42. Rxf4 exf4 43. Nxf4+ Kxg5 44. Nxe2+ Kf5 45. Bd2 Ke4 46. Bxb4 1/2-1/2

[Event "FRA-ch U14"]
[Site "Montlucon"]
[Date "2011.04.18"]
[Round "3"]
[White "Kambrath, Yannick"]
[Black "Grezels, Florian"]
[Result "1-0"]
[WhiteElo "2124"]
[BlackElo "1852"]
[PlyCount "85"]
[EventDate "2011.04.17"]
[EventType "swiss"]
[EventRounds "9"]
[EventCountry "FRA"]
[SourceTitle "CBM 142 Extra"]
[Source "ChessBase"]
[SourceDate "2011.06.27"]
[SourceVersion "1"]
[SourceVersionDate "2011.06.27"]
[SourceQuality "1"]

1. d4 d5 2. c4 c6 3. Nf3 Nf6 4. Nc3 a6 5. e3 b5 6. c5 Bg4 7. Be2 Nbd7 8. 0-0 g6 9. h3 Bxf3 10. Bxf3 e5 11. e4 exd4 12. exd5 cxd5 13. Nxd5 Nxd5 14. Bxd5 Rc8 15. Qxd4 Qf6 16. Bxf7+ Kxf7 17. Qxd7+ Be7 18. Be3 Rhd8 19. Qb7 Kg8 20. Rfd1 Bxc5 21. Rxd8+ Qxd8 22. Rc1 Rc7 23. Qxa6 Bxe3 24. Qe6+ Kf8 25. Qxe3 Rxc1+ 26. Qxc1 Qd5 27. b3 Kg7 28. Qc3+ Kh6 29. Qc2 b4 30. a4 bxa3 31. Qc1+ Kg7 32. Qxa3 Qd1+ 33. Kh2 Qe2 34. Qa7+ Kg8 35. Qc5 Qd2 36. b4 Qf4+ 37. g3 Qf3 38. b5 Kg7 39. b6 Kg8 40. Qc4+ Kg7 41. Qf4 Qb3 42. Qc7+ Kh6 43. b7 1-0

[Event "FRA-ch U12"]
[Site "Troyes"]
[Date "2010.04.14"]
[Round "5"]
[White "Ek, Alexandre"]
[Black "Grezels, Florian"]
[Result "1/2-1/2"]
[WhiteElo "1833"]
[BlackElo "1874"]
[PlyCount "52"]
[EventDate "2010.04.11"]
[EventType "swiss"]
[EventRounds "9"]
[EventCountry "FRA"]
[SourceTitle "EXT 2012"]
[Source "ChessBase"]
[SourceDate "2011.11.24"]
[SourceVersion "1"]
[SourceVersionDate "2011.11.24"]
[SourceQuality "1"]

1. e4 d6 2. d4 Nf6 3. Nc3 Nbd7 4. f4 e5 5. Nf3 exd4 6. Nxd4 Nc5 7. Bd3 Bg4 8. Nf3 Be7 9. Be3 Nxd3+ 10. cxd3 c6 11. h3 Bd7 12. g4 Qa5 13. Qe2 h6 14. 0-0-0 0-0-0 15. Rhe1 Rhe8 16. d4 Bf8 17. Qd3 d5 18. e5 Ne4 19. Nxe4 dxe4 20. Qxe4 Qxa2 21. Nd2 Be6 22. Qb1 Qxb1+ 23. Nxb1 g6 24. Rf1 Bb3 25. Rd2 Bb4 26. Nc3 c5 1/2-1/2

[Event "FRA-ch U12"]
[Site "Troyes"]
[Date "2010.04.13"]
[Round "4"]
[White "Grezels, Florian"]
[Black "Alinc, Dimitri"]
[Result "1-0"]
[WhiteElo "1874"]
[BlackElo "1772"]
[PlyCount "113"]
[EventDate "2010.04.11"]
[EventType "swiss"]
[EventRounds "9"]
[EventCountry "FRA"]
[SourceTitle "EXT 2012"]
[Source "ChessBase"]
[SourceDate "2011.11.24"]
[SourceVersion "1"]
[SourceVersionDate "2011.11.24"]
[SourceQuality "1"]

1. e4 c5 2. Nf3 Nc6 3. d4 cxd4 4. Nxd4 e5 5. Nb3 Be7 6. Nc3 Nf6 7. Bc4 d6 8. 0-0 0-0 9. f3 Be6 10. Bxe6 fxe6 11. Bg5 Rc8 12. Qd2 Nh5 13. Bxe7 Qxe7 14. Rad1 Rcd8 15. Ne2 d5 16. Qc3 Nf4 17. Nxf4 Rxf4 18. Qc5 Qd7 19. Rf2 b6 20. Qb5 Ne7 21. Qxd7 Rxd7 22. Re2 d4 23. c3 Nc6 24. Red2 Rf8 25. cxd4 exd4 26. Nxd4 Rfd8 27. Nb3 Rxd2 28. Rxd2 Rxd2 29. Nxd2 Ne5 30. Kf1 Kf8 31. Ke2 Ke7 32. b3 Kd6 33. Nc4+ Nxc4 34. bxc4 Kc5 35. Kd3 e5 36. Kc3 g5 37. a3 a6 38. g3 h6 39. h4 gxh4 40. gxh4 h5 41. Kd3 a5 42. Ke3 Kxc4 43. f4 b5 44. f5 b4 45. axb4 axb4 46. f6 b3 47. f7 b2 48. f8Q b1Q 49. Qc8+ Kb3 50. Qb8+ Kc2 51. Qxb1+ Kxb1 52. Kd3 Kc1 53. Kc4 Kd2 54. Kd5 Ke3 55. Kxe5 Kf3 56. Kf5 Kg3 57. Kg5 1-0

[Event "Toulouse Cup"]
[Site "Toulouse"]
[Date "2009.01.11"]
[Round "?"]
[White "Grezels, Florian"]
[Black "Cesbron, Guy"]
[Result "1-0"]
[WhiteElo "1748"]
[BlackElo "2106"]
[PlyCount "131"]
[EventDate "2009.01.11"]
[EventType "team-tourn"]
[EventRounds "7"]
[EventCountry "FRA"]
[SourceTitle "EXT 2010"]
[Source "ChessBase"]
[SourceDate "2010.11.25"]
[SourceVersion "1"]
[SourceVersionDate "2010.11.25"]
[SourceQuality "1"]

1. e4 e6 2. d4 d5 3. Nc3 Bb4 4. e5 Bf8 5. Be3 b6 6. Be2 Ba6 7. Nf3 Ne7 8. 0-0 Nf5 9. Rc1 c5 10. Nb5 Qd7 11. a4 c4 12. b3 Bxb5 13. axb5 c3 14. Bd3 Nxe3 15. fxe3 Be7 16. Qe1 Qc7 17. e4 0-0 18. Qg3 a6 19. Ra1 a5 20. Qh3 g6 21. exd5 exd5 22. e6 f6 23. Qh6 Bd8 24. Rae1 Re8 25. Ng5 Qg7 26. Qxg7+ Kxg7 27. e7 fxg5 28. exd8Q Rxd8 29. Re7+ Kh6 30. Rff7 g4 31. Rxh7+ Kg5 32. Rhg7 Rd6 33. g3 a4 34. h4+ gxh3 35. bxa4 Rxa4 36. Re8 Nd7 37. Rd8 Ra7 38. Kh2 Kh6 39. Re7 Kg5 40. Kxh3 Kf6 41. Rh7 Kg5 42. Rg7 Nf8 43. Rxd6 Rxg7 44. Rxd5+ Kh6 45. Rd6 Kg5 46. Rxb6 Rd7 47. Rc6 Rxd4 48. Rxc3 Nd7 49. Rb3 Nb6 50. c4 Nxc4 51. Bxc4 Rxc4 52. b6 Rc8 53. b7 Rh8+ 54. Kg2 Rb8 55. Rb4 Kf5 56. Kf3 Kg5 57. g4 Kh4 58. Kg2 Kg5 59. Kg3 Kh6 60. Kh4 Kg7 61. g5 Kf7 62. Kg4 Ke6 63. Kf4 Kd7 64. Ke5 Ke7 65. Rb2 Kf7 66. Kd6 1-0